81 İL 81 TÜRKÜ - Statistics

General Stats
  • This quiz has been taken 18 times
  • The average score is 58 of 81
Answer Stats
Türkü Şehir % Correct
Batmanlıyam Batman
94%
Konyalım Konya
94%
Burası Muş'tur Muş
94%
Şu Artvin'in Bağları Artvin
89%
Adana Köprü Başı Adana
83%
Menevşe Buldum Derde Adana / Osmaniye
83%
Denizli'nin Pamukkalesi Denizli
83%
Suzan Suzi Diyarbakır
83%
Pınar Başının Gülleri Edirne
83%
Giresun'un İçinde İki Sokak Arası Giresun
83%
İzmir'in Kavakları İzmir
83%
Ağrı Dağın Eteğinde Ağrı / Iğdır
78%
Güvercin Uçuverdi Ankara
78%
Antalya'nın Mor Üzümü Antalya
78%
Evreşe Yolları Dar Çanakkale
78%
Gezsem de Dünyanın 4 Bucağını Çorum / Ankara
78%
Sarı Gelin Erzurum
78%
Yaslanmış Köyüme Sıralı Dağlar Gümüşhane
78%
Esme Seher Yeli Hakkari
78%
Iğdır'ın Yolları Daşdı Iğdır
78%
Gemilerde Talim Var İstanbul
78%
Kâğızman'a Ismarladım Kars
78%
Kırıkkale Türküsü Kırıkkale
78%
A Bre Sülüman Aga Kırklareli
78%
Malatya Bulunmaz Eşin Malatya
78%
Mardin Güzeli Mardin
78%
Ordunun Dereleri Ordu
78%
Sarardım Ben Sarardım Sivas
78%
Bahçalarda Börülce Tekirdağ
78%
Oy Benum Sevduceğum Trabzon
78%
Bizim Eller Van
78%
Afyon'un Ortasında Afyonkarahisar
72%
Ayva Çiçek Açmış Balıkesir
72%
Beş Minare Bitlis
72%
Leblebi Koydum Tasa Çankırı
72%
Küstürdüm Barışmam Erzincan
72%
Haşıl Gaziantep / Kilis
72%
Üç Güzel Oturmuş Kocaeli / İzmit
72%
Elif Dedim Kütahya
72%
Deniz Üstü Köpürür Muğla
72%
Dama Bulgur Sererler Niğde
72%
Garardı Garadeniz Rize
72%
Çarşamba'yı Sel Aldı Samsun
72%
Yastığı Kuş Tüyünden Siirt
72%
Karasu'da Pazar Var Sinop
72%
Hey On Beşli Tokat
72%
Ay Bulutta Bulutta Uşak
72%
Tek Kapıdan Çıktım Amasya
67%
Bu Tepe Pullu Tepe Ardahan
67%
Eklemedir Koca Konak Aydın
67%
Beyaz Giyme Toz Olur Bolu
67%
Evlerinin Önü İçel / Mersin
67%
Karaman'ın Alt Yanı Dere Karaman
67%
Yoğurt Koydum Dolaba Kilis
67%
Kırmızı Buğday Manisa
67%
Siyah Zülfün Tellerine Şanlıurfa
67%
Bu Dağlar Meşe Dağlar Şırnak
67%
Vardım Dostun Bahçasına Tunceli
67%
Mendilimin Dört Ucu Yalova
67%
Hastanenin Önünde İncir Ağacı Yozgat
67%
Gidiyom Gidemiyom Zonguldak
67%
Altın Yüzüğüm Kırıldı Adıyaman
61%
Etrafın Kardır Bingöl
61%
Meşeli Dağlar Meşeli Bursa
61%
Bebeğin Beşiği Çamdan Elazığ
61%
Kahveyi Kavururlar Eskişehir
61%
Çayır Çimen Geze Geze Isparta
61%
Havada Kar Sesi Var Kahramanmaraş
61%
Mapushane Çeşmesi Kastamonu
61%
Gesi Bağları Kayseri
61%
Gönül Dağı Kırşehir
61%
Fincan Fincana Kurban Nevşehir
61%
Geyve Dağlarında Sakarya / Adapazarı
61%
Mapushane İçinde Bartın
56%
Candemir Ağa Bayburt
56%
Haymanalı Burdur
56%
Dar Sokaktan Geçemem Düzce
56%
Kara Biber Aş mı Olur Aksaray
50%
Aşağıdan Gelen Hanım Bilecik
50%
Şu Karşıki Dağda Kar Var Hatay
50%
Aç Kapıyı Ben Geldim Karabük
44%
No matching quizzes found
Score Distribution
Percent of People with Each Score
Percentile by Number Answered
Your Score History
You have not taken this quiz